000 00504nam a2200193Ia 4500
005 20240823022758.0
008 240823s9999||||xx |||||||||||||| ||und||
020 _a978-81-203-3433-5
041 _aENGLISH
082 _A658.802 P8
100 _aMusadig A Sahaf
245 0 _aStrategic Marketing : Making Decisions for Strategic Advantage
250 _a1st
260 _c2008
_b"PHI,.New "
_aNew Delhi
500 _aYES
650 _aStrategy
_bManagement Studies
942 _cBK
999 _c179979
_d179979